| 000 | 00727cam a22002415a 4500 | ||
|---|---|---|---|
| 001 | 12412642 | ||
| 005 | 20171225141453.0 | ||
| 008 | 010518s2002 njua fr 001 0 eng d | ||
| 020 | _a0130272701 | ||
| 020 | _a9780130272706 | ||
| 040 |
_aDLC _cDLC _dDLC _dEG-ScBUE _beng |
||
| 082 | 0 | 4 |
_a621.56 _222 _bDOS |
| 100 | 1 | _aDossat, Roy J. | |
| 245 | 1 | 0 |
_aPrinciples of refrigeration / _cRoy Dossat, Thomas J. Horan. |
| 250 | _a5th ed. | ||
| 260 |
_aUpper Saddle River : _bPrentice Hall, _c2002. |
||
| 300 |
_ax, 454 p. : _bill. ; _c29 cm. |
||
| 500 | _aIncludes index. | ||
| 650 | 7 |
_aRefrigeration and refrigerating machinery. _2BUEsh _95821 |
|
| 653 |
_bGGEN _cDecember2017 |
||
| 700 | 1 |
_aHoran, Thomas J., _d1957- |
|
| 942 | _2ddc | ||
| 999 |
_c25797 _d25769 |
||